Practical financial modelling : a guide to current practice (Record no. 54240)

MARC details
000 -LEADER
fixed length control field 00691nam a2200181 a 4500
008 - FIXED-LENGTH DATA ELEMENTS--GENERAL INFORMATION
fixed length control field 071123s2005 ||||||||||||||||| || u
020 ## - INTERNATIONAL STANDARD BOOK NUMBER
International Standard Book Number 0750663561
050 ## - LIBRARY OF CONGRESS CALL NUMBER
Classification number HG 4012 Swa
100 ## - MAIN ENTRY--PERSONAL NAME
Personal name Swan, Jonathan
245 10 - TITLE STATEMENT
Title Practical financial modelling : a guide to current practice
Statement of responsibility, etc. Jonathan Swan
260 ## - PUBLICATION, DISTRIBUTION, ETC.
Place of publication, distribution, etc. Armstedam
Name of publisher, distributor, etc. Elsevier
Date of publication, distribution, etc. 2005
300 ## - PHYSICAL DESCRIPTION
Extent xviii, 173p.: ill.
350 ## - PRICE (NR) (BK AM CF MU VM SE) [OBSOLETE]
Price 0.00
500 ## - GENERAL NOTE
General note Accompanied by a CD Rom.
650 #0 - SUBJECT ADDED ENTRY--TOPICAL TERM
Topical term or geographic name entry element FINANCE--DEVELOPING COUNTRIES
650 ## - SUBJECT ADDED ENTRY--TOPICAL TERM
Topical term or geographic name entry element FINANCE--MATHEMATICAL MODELS
995 ## - RECOMMENDATION 995 [LOCAL, UNIMARC FRANCE]
-- 0.00
-- CBU-MAIN LIBRARY (Kitwe)
-- 1
-- 0.00
-- 1
-- AVAILABLE
-- Nov 23, 2007
-- Main Library Open Access Collection
Holdings
Withdrawn status Lost status Source of classification or shelving scheme Damaged status Not for loan Home library Current library Shelving location Date acquired Total Checkouts Full call number Barcode Date last seen Price effective from Koha item type
          CBU-MAIN LIBRARY, KITWE. CBU-MAIN LIBRARY, KITWE.   11/30/2022   HG 4012 Swa 738134 11/30/2022 11/30/2022 MONOGRAPH